The necromancer: (Record no. 5018)

MARC details
000 -LEADER
fixed length control field 00815nam a22001937a 4500
003 - CONTROL NUMBER IDENTIFIER
control field OSt
005 - DATE AND TIME OF LATEST TRANSACTION
control field 20251028045253.0
008 - FIXED-LENGTH DATA ELEMENTS--GENERAL INFORMATION
fixed length control field 251022b |||||||| |||| 00| 0 eng d
020 ## - INTERNATIONAL STANDARD BOOK NUMBER
International Standard Book Number 978-0-385-73532-2
040 ## - CATALOGING SOURCE
Original cataloging agency DWCL-Main lib.
Transcribing agency OC
082 ## - DEWEY DECIMAL CLASSIFICATION NUMBER
Edition number 1st ed.
Classification number Fic. S428n 2010
100 ## - MAIN ENTRY--PERSONAL NAME
Personal name Michael Scott
245 ## - TITLE STATEMENT
Title The necromancer:
Remainder of title the secrets of the immortal Nicholas Flamel/
Statement of responsibility, etc. Michael Scott
250 ## - EDITION STATEMENT
Edition statement 1st ed.
260 ## - PUBLICATION, DISTRIBUTION, ETC.
Place of publication, distribution, etc. United States
Name of publisher, distributor, etc. : Ember
Date of publication, distribution, etc. , c2010.
300 ## - PHYSICAL DESCRIPTION
Extent 403 p.
Dimensions ; 20 centimeters.
504 ## - BIBLIOGRAPHY, ETC. NOTE
Bibliography, etc. note Summary: Back in London, fifteen year old twins Sophie and Josh Newman must determine whom they can and cannot trust as they search for both Scatty and an immortal who can teach Josh the magic of fire, while Doctor Dee and Michiavelli continue to see
942 ## - ADDED ENTRY ELEMENTS (KOHA)
Source of classification or shelving scheme Dewey Decimal Classification
Koha item type Fiction
Edition 1st ed.
Call number prefix Fic.
Suppress in OPAC No
952 ## - LOCATION AND ITEM INFORMATION (KOHA)
--
952 ## - LOCATION AND ITEM INFORMATION (KOHA)
--
952 ## - LOCATION AND ITEM INFORMATION (KOHA)
--
Holdings
Withdrawn status Lost status Source of classification or shelving scheme Damaged status Not for loan Home library Current library Shelving location Date acquired Source of acquisition Total Checkouts Full call number Barcode Date last seen Copy number Price effective from Koha item type Uniform Resource Identifier
    Dewey Decimal Classification     College Library College Library Fiction 08/11/2014 School Fund   Fic. S428n 2010 50926 10/22/2025 c3 10/22/2025 FIC.
    Dewey Decimal Classification     College Library College Library Fiction 07/24/2014 School Fund   Fic. S428n 2010 50863 10/22/2025 c2 10/22/2025 FIC.
    Dewey Decimal Classification     College Library Junior High School Library Fiction 09/01/2011 School Fund   Fic. S428n 2010 16065 10/22/2025 c1 10/22/2025 FIC.